Movies Quiz

Random Movies or Actor Quiz

Movie Cast Match (1992) Quiz Stats

Quiz Updated Nov 8, 2015

Challenge
Share
Tweet
Embed
Score 0/40 Timer 08:00
4 Plays Today
% Correct
Home Alone 2: Lost in New York
93.8%
The Bodyguard
91.1%
Sister Act
91%
Lethal Weapon 3
90.2%
Wayne's World
90.2%
Batman Returns
89.2%
AlienĀ³
89.1%
Aladdin
88.8%
Basic Instinct
88.7%
A Few Good Men
88%
My Cousin Vinny
87.4%
Honey, I Blew Up the Kid
86.9%
White Men Can't Jump
85.5%
A League of Their Own
83.8%
The Mighty Ducks
80.5%
Reservoir Dogs
80%
Scent of a Woman
79.9%
Malcolm X
79%
Unforgiven
78.8%
The Last of the Mohicans
78.5%
% Correct
Under Siege
77.5%
Patriot Games
77.2%
Death Becomes Her
77.2%
Universal Soldier
76%
Far and Away
74.4%
Encino Man
70.8%
Single White Female
69.6%
Chaplin
67.8%
A River Runs Through It
65.7%
Passenger 57
65.1%
The Hand That Rocks the Cradle
64.9%
Buffy the Vampire Slayer
64%
Beethoven
63.9%
Dracula
62.4%
Captain Ron
62%
Forever Young
60.6%
Glengarry Glen Ross
60.5%
Hoffa
58%
Poison Ivy
57.8%
School Ties
55.8%

You're not logged in!

Compare scores with friends on all Sporcle quizzes.
Join for Free
OR
Log In

You Might Also Like...

Show Comments

Extras

Top Quizzes Today


Score Distribution

Your Account Isn't Verified!

In order to create a playlist on Sporcle, you need to verify the email address you used during registration. Go to your Sporcle Settings to finish the process.

Report this User

Report this user for behavior that violates our Community Guidelines.

Details: